000 00842cam a2200301 i 4500
001 000016035
003 DO-SdBNP
005 20240705114505.0
007 ta
008 910709s1994 sp 000 0 spa
010 _a91169828
020 _a8434410990
040 _aDO-SdBNP
_bspa
_cBNPHU
_erda
049 _aBNGR
082 4 _a170
_bS266e, 1994
_222
100 1 _aSavater, Fernando.
_917672
_eautor
245 1 0 _aÉtica para Amador /
_cFernando Savater.
250 _a22a edición
264 _aBarcelona :
_bAriel,
_c1994.
300 _a189 páginas ;
_c20 cm.
336 _2rdacontent
_atexto
_btxt
337 _2rdamedia
_asin mediación
_bn
338 _2rdacarrier
_avolumen
_bnc
490 1 _aAriel
_v101
500 _aIncluye listado de obras de la colección en ambas solapas
650 0 _aÉtica
_9509
942 _2ddc
_cLBS1
999 _c15577
_d15577